000 00661nam a2200193Ia 4500
003 GCL
008 140319s9999 xx 000 0 ara d
040 _aGCL /
_cGCL
082 0 4 _a341.75
_bز أ
100 1 _aزينب حسين عوض الله
245 1 0 _aالاقتصاد الدولى :
_bنظرة عامة على بعض القضايا /
_cزينب حسين عوض الله
260 _aبيروت :
_bالدار الجامعية ،
_c1998
300 _a455 ص ؛
_c26 سم
650 0 4 _aالنقود
650 0 4 _aالعلاقات الاقتصادية الدولية
650 0 4 _aالتجارة الحرة
650 0 4 _aالجات
942 _2ddc
_cBK
999 _c5871
_d5871